[Event "Banff op"]
[Site "Banff"]
[Date "2023.11.10"]
[Round "2"]
[White "Chandra, Anand Rishi"]
[Black "Leong, Aiden"]
[Result "1/2-1/2"]
[WhiteElo "2145"]
[BlackElo "1797"]
[PlyCount "81"]
[EventDate "2023.11.10"]
[EventType "swiss"]
[EventRounds "6"]
[EventCountry "CAN"]
[SourceTitle "CB47_2023"]
[SourceDate "2023.11.22"]
[SourceVersion "1"]
[SourceVersionDate "2023.11.22"]
[SourceQuality "1"]

1. e4 c6 2. Nf3 d5 3. Nc3 Bg4 4. d4 e6 5. Be2 Nf6 6. h3 Bxf3 7. gxf3 Bb4 8. Qd3 Nbd7 9. Bd2 Qc7 10. e5 Ng8 11. f4 Ne7 12. Kf1 Bxc3 13. Bxc3 a5 14. a4 Nf5 15. b3 h5 16. Bb2 Qb6 17. Qc3 g6 18. Bd3 0-0 19. Bxf5 exf5 20. Rg1 Kh7 21. Re1 Rae8 22. Qd3 Rg8 23. Ba3 Nf8 24. Bc5 Qd8 25. Bxf8 Rgxf8 26. c4 Qd7 27. Ke2 Rd8 28. Rd1 Qe6 29. Qc3 Rd7 30. Qxa5 dxc4 31. Qc5 Ra8 32. bxc4 Rxa4 33. Rc1 b6 34. Qxb6 Rxc4 35. Rgd1 Rdxd4 36. Qxd4 Rxd4 37. Rxd4 Qb3 38. Rxc6 Qxh3 39. Rd7 Qb3 40. Rcc7 Kg7 41. Rxf7+ 1/2-1/2

[Event "Victoria Grand Pacific op"]
[Site "Victoria"]
[Date "2023.04.10"]
[Round "6"]
[White "Villavieja, Butch"]
[Black "Leong, Aiden"]
[Result "1-0"]
[WhiteElo "2038"]
[BlackElo "1686"]
[PlyCount "85"]
[EventDate "2023.04.07"]
[EventType "swiss"]
[EventRounds "6"]
[EventCountry "CAN"]
[SourceTitle "CBM 213 Extra"]
[Source "ChessBase"]
[SourceDate "2023.05.31"]
[SourceVersion "1"]
[SourceVersionDate "2023.05.31"]
[SourceQuality "1"]

1. e4 c6 2. d4 d5 3. exd5 cxd5 4. c4 Nf6 5. Nc3 e6 6. Nf3 Bb4 7. Qb3 Nc6 8. Bg5 0-0 9. c5 Qa5 10. Bxf6 gxf6 11. Be2 e5 12. 0-0 Bxc3 13. bxc3 e4 14. Nh4 Qd8 15. f4 Ne7 16. f5 b6 17. cxb6 Qxb6 18. Qa3 Qc7 19. Rac1 a5 20. c4 Qa7 21. c5 Ba6 22. Bxa6 Qxa6 23. Rb1 Qc4 24. Rbd1 Kh8 25. Rf2 Nc6 26. Qe3 Nb4 27. Qh6 Qa6 28. Rb2 e3 29. Qxe3 Rfe8 30. Qh6 Re2 31. Rxe2 Qxe2 32. Qxf6+ Kg8 33. Qg5+ Kh8 34. Rf1 Nd3 35. g3 Rg8 36. Qf6+ Rg7 37. Ng2 Qxa2 38. c6 Qc4 39. Ne3 Qc3 40. Nxd5 Qc4 41. Qd8+ Rg8 42. Qf6+ Rg7 43. c7 1-0

[Event "Banff op"]
[Site "Banff"]
[Date "2022.11.13"]
[Round "5"]
[White "Xu, Andrew"]
[Black "Leong, Aiden"]
[Result "0-1"]
[WhiteElo "1753"]
[BlackElo "1590"]
[PlyCount "53"]
[EventDate "2022.11.11"]
[EventType "swiss"]
[EventRounds "6"]
[EventCountry "CAN"]
[SourceTitle "CBM 211 Extra"]
[Source "ChessBase"]
[SourceDate "2023.01.31"]
[SourceVersion "1"]
[SourceVersionDate "2023.01.31"]
[SourceQuality "1"]

1. e4 c6 2. Nc3 d5 3. Nf3 Bg4 4. h3 Bxf3 5. Qxf3 e6 6. d3 Nf6 7. Be2 d4 8. Nb1 c5 9. 0-0 Nc6 10. Qg3 Qd7 11. a3 0-0-0 12. Bd2 g5 13. Bxg5 Be7 14. Qh4 Ng8 15. Bxe7 Ngxe7 16. f4 f5 17. e5 Nd5 18. Nd2 Ne3 19. Rf2 Ne7 20. Re1 Rdg8 21. Bh5 Rg7 22. Nf1 N7d5 23. Nxe3 Nxe3 24. Bf3 Rhg8 25. Kh2 Rg6 26. Rfe2 Qg7 27. Rg1 0-1